| 000 | 00899nam a2200253 a 4500 | ||
|---|---|---|---|
| 001 | BRCA_6412 | ||
| 005 | 20190321142933.0 | ||
| 008 | 080911s1931----gw-a######---#000-0#ger-# | ||
| 041 | _ager | ||
| 044 | _agw | ||
| 050 | 4 | _b.S26 3 1931 | |
| 245 | 1 | 0 |
_aDie Sammlung Dr. Max Emden Hamburg _bGemälde deutscher und Französischer meister des 19 jahrhunderts : Möbel, Teppiche, Bronzen, Deutsches Silber, Fayencen. |
| 260 |
_aBerlín, Alemania _bHermann Ball und Paul Graupe _c1931 |
||
| 300 |
_a1 v. (sin paginación) _bil., 45 láminas _c32 cm. |
||
| 500 | _aCatálogo No. 13 | ||
| 500 | _aCatálogo de subasta inventariado por Banco de México como libro | ||
| 500 | _aVer también CDE28, CDE29 y CDE31 | ||
| 500 | _aCDE30 | ||
| 650 | 1 | 4 |
_aArte _vCatálogos _ySiglo XIX _916033 |
| 650 | 1 | 4 |
_aArtes decorativas _vCatálogos _914086 |
| 650 | 1 | 4 |
_aSubastas _97837 |
| 902 | _aGFM | ||
| 942 |
_2lcc _cB |
||
| 999 |
_c6097 _d6097 |
||